| 000 | 00813nam a22001811cc4500 | ||
|---|---|---|---|
| 001 | a987685352+Tom3-1 | ||
| 035 | _aa987685352 | ||
| 008 | 170721s1996 gw |||| 000u rus d | ||
| 020 |
_a5860040482 _95-86004-048-2 |
||
| 245 | 0 | 0 |
_aMenševiki v 1917 godu _nTom 3/1 _pOt kornilovskogo mjateža do konca dekabrja / Ot kornilovskogo mjateža do Vremennogo Demokratičeskogo Soveta Rossijskoj Respubliki (avgust - pervaja dekada oktjabrja) |
| 264 |
_aMoskva : _bROSSPEN, _c1996 |
||
| 300 | _a448 S. | ||
| 246 | 1 | 2 |
_aMenševiki v 1917 godu. Ot kornilovskogo mjateža do konca dekabrja / Ot kornilovskogo mjateža do Vremennogo Demokratičeskogo Soveta Rossijskoj Respubliki (avgust - pervaja dekada oktjabrja) _nTom 3/1 |
| 773 | 0 | 8 |
_wa987685352 _qTom3-1 |
| 942 | _cMG | ||
| 040 | _cRU-10907106 | ||
| 003 | RU-10907106 | ||
| 999 |
_c15792 _d15792 |
||